[Event "2. Memorial Oliver Gonzalez 2011"]
[Site "Madrid ESP"]
[Date "2011.10.13"]
[Round "6.1"]
[White "Almagro Llamas, Pablo"]
[Black "Arribas Lopez, Angel"]
[Result "1-0"]
[WhiteElo "2466"]
[BlackElo "2440"]
[PlyCount "95"]
[EventDate "2011.10.08"]
[EventType "swiss"]
[EventRounds "9"]
[EventCountry "ESP"]
[Source "lmi"]
[SourceDate "2011.10.08"]

1. c4 Nf6 2. Nc3 e5 3. g3 d5 4. cxd5 Nxd5 5. Bg2 Nb6 6. Nf3 Nc6 7. O-O Be7 8.
a3 O-O 9. b4 Be6 10. d3 f6 11. Bb2 a5 12. b5 Nd4 13. Nd2 Qd7 14. a4 Bh3 15.
Bxh3 Qxh3 16. e3 Ne6 17. Qb3 Kh8 18. Nce4 Rad8 19. Rac1 Nd5 20. Nf3 f5 21. Ned2
e4 22. Ne1 Bb4 23. dxe4 fxe4 24. Nxe4 Bxe1 25. Rcxe1 Qg4 26. f4 Nb4 27. Nf2 Qg6
28. Rd1 Nc5 29. Rxd8 Rxd8 30. Rd1 Re8 31. Qc4 Nxa4 32. Be5 c6 33. Rd6 Qf5 34.
e4 Qf8 35. bxc6 bxc6 36. Ng4 Nb6 37. Qb3 Nc8 38. Rd7 Re7 39. Rxe7 Qxe7 40. Kg2
h5 41. Nh6 Qe8 42. Nf5 Kh7 43. Nxg7 Qd7 44. Ne6 Qd2+ 45. Kh3 Qd7 46. f5 Qe7 47.
f6 Qd7 48. f7 1-0

[Event "2. Memorial Oliver Gonzalez 2011"]
[Site "Madrid ESP"]
[Date "2011.10.13"]
[Round "6.3"]
[White "Lariño Nieto, David"]
[Black "Rubio Mejia, Luis Ignacio"]
[Result "1-0"]
[WhiteElo "2455"]
[BlackElo "2433"]
[PlyCount "109"]
[EventDate "2011.10.08"]
[EventType "swiss"]
[EventRounds "9"]
[EventCountry "ESP"]
[Source "lmi"]
[SourceDate "2011.10.08"]

1. e4 c5 2. Nf3 d6 3. d4 cxd4 4. Qxd4 Nc6 5. Bb5 Bd7 6. Bxc6 Bxc6 7. Nc3 Nf6 8.
Bg5 e6 9. O-O-O Be7 10. Rhe1 O-O 11. Qd2 Qc7 12. Nd4 Rfd8 13. Kb1 a6 14. f3 b5
15. g4 b4 16. Nce2 a5 17. h4 a4 18. Ng3 Be8 19. Nh5 Nxh5 20. gxh5 Bxg5 21. hxg5
b3 22. cxb3 axb3 23. a3 Rac8 24. Rc1 Qb6 25. Rc3 Rxc3 26. Qxc3 e5 27. Nf5 Kf8
28. h6 gxh6 29. f4 Bd7 30. fxe5 Rc8 31. Qg3 Qc5 32. Qxb3 Qxe5 33. Nxh6 Be6 34.
Qd3 Rb8 35. Qd2 Kg7 36. Nf5+ Bxf5 37. exf5 Qxf5+ 38. Ka1 Rd8 39. Qd4+ Kg8 40.
Qf6 Qc8 41. Qd4 d5 42. b4 Qh3 43. Ka2 Qg2+ 44. Kb1 Qh3 45. Ka2 Qg2+ 46. Qb2 Qg4
47. b5 d4 48. b6 d3 49. g6 d2 50. gxf7+ Kxf7 51. Rf1+ Kg8 52. Qb3+ Kh8 53. b7
d1=Q 54. Rxd1 Qg2+ 55. Qb2+ 1-0

[Event "2. Memorial Oliver Gonzalez 2011"]
[Site "Madrid ESP"]
[Date "2011.10.13"]
[Round "6.5"]
[White "Korneev, Oleg"]
[Black "Perez Mitjans, Orelvis"]
[Result "1-0"]
[WhiteElo "2580"]
[BlackElo "2451"]
[PlyCount "67"]
[EventDate "2011.10.08"]
[EventType "swiss"]
[EventRounds "9"]
[EventCountry "ESP"]
[Source "lmi"]
[SourceDate "2011.10.08"]

1. e4 c5 2. Nf3 d6 3. d4 cxd4 4. Nxd4 Nf6 5. Nc3 g6 6. Be3 Bg7 7. f3 O-O 8. Qd2
Nc6 9. O-O-O d5 10. exd5 Nxd5 11. Nxc6 bxc6 12. Bd4 Nxc3 13. Qxc3 Bh6+ 14. Be3
Bxe3+ 15. Qxe3 Qb6 16. Qxe7 Be6 17. Qa3 Rfd8 18. Bd3 Rd5 19. b3 Rad8 20. Rde1
Rd4 21. Re5 R8d5 22. Rxd5 Rxd5 23. Kb1 Qf2 24. Rc1 Rh5 25. Rf1 Qe3 26. Qb4 a5
27. Qb8+ Kg7 28. Qg3 a4 29. f4 Qd4 30. f5 a3 31. Kc1 Bd5 32. Kd2 h6 33. c3 Qh4
34. f6+ 1-0

[Event "2. Memorial Oliver Gonzalez 2011"]
[Site "Madrid ESP"]
[Date "2011.10.13"]
[Round "6.9"]
[White "Hunt, Adam C"]
[Black "Martin Duque, Jesus"]
[Result "1-0"]
[WhiteElo "2437"]
[BlackElo "2136"]
[PlyCount "69"]
[EventDate "2011.10.08"]
[EventType "swiss"]
[EventRounds "9"]
[EventCountry "ESP"]
[Source "lmi"]
[SourceDate "2011.10.08"]

1. e4 e6 2. d4 d5 3. Nc3 Bb4 4. e5 c5 5. a3 Bxc3+ 6. bxc3 Qa5 7. Bd2 Qa4 8. h4
Nc6 9. Nf3 Nge7 10. h5 cxd4 11. cxd4 Nxd4 12. Bd3 h6 13. Kf1 Nxf3 14. Qxf3 Bd7
15. Rb1 Qxa3 16. Bb4 Qa2 17. Qd1 Nc6 18. Bd6 O-O-O 19. Rh4 Be8 20. c3 Rxd6 21.
Ra4 Qxb1 22. Qxb1 Rd8 23. Bb5 Kb8 24. Rg4 Rg8 25. Ba6 b6 26. Qh7 Nxe5 27. Rxg7
Rh8 28. Qc2 Nd7 29. Bb5 Ne5 30. Bxe8 Rdxe8 31. Qa4 Ref8 32. Qf4 f6 33. Qb4 Rd8
34. Qa4 a5 35. f4 1-0

[Event "2. Memorial Oliver Gonzalez 2011"]
[Site "Madrid ESP"]
[Date "2011.10.13"]
[Round "6.10"]
[White "Suarez Uriel, Adrian"]
[Black "Adan Bermudez, Sergio"]
[Result "0-1"]
[WhiteElo "2197"]
[BlackElo "2287"]
[PlyCount "142"]
[EventDate "2011.10.08"]
[EventType "swiss"]
[EventRounds "9"]
[EventCountry "ESP"]
[Source "lmi"]
[SourceDate "2011.10.08"]

1. e4 d6 2. d4 Nf6 3. Nc3 g6 4. f4 Bg7 5. a3 O-O 6. Nf3 c5 7. Be2 cxd4 8. Nxd4
Nc6 9. Be3 Nxd4 10. Bxd4 Re8 11. O-O e5 12. fxe5 dxe5 13. Be3 Qxd1 14. Raxd1
Bg4 15. Bxg4 Nxg4 16. Nd5 Nxe3 17. Nxe3 Rad8 18. Nd5 Rc8 19. c3 Rc4 20. Rde1
Rc5 21. Re2 Rd8 22. g4 h6 23. Ne7+ Kh7 24. Nd5 Rd7 25. h4 Kg8 26. a4 b6 27. b3
Kf8 28. c4 Rc6 29. Rc2 a5 30. Rd2 Ke8 31. Rfd1 Rb7 32. Rf1 Bf8 33. Nf6+ Ke7 34.
g5 hxg5 35. hxg5 Rd6 36. Nd5+ Ke8 37. Kg2 Be7 38. Nf6+ Kd8 39. Rxd6+ Bxd6 40.
Nd5 Ke8 41. Kg3 Be7 42. Kg4 Kf8 43. Rh1 Kg7 44. Rd1 Rd7 45. Rf1 Bd8 46. Rf3 Rd6
47. Rc3 Rc6 48. Rc2 f6 49. gxf6+ Bxf6 50. Kf3 Bd8 51. Rg2 Rd6 52. Ke3 g5 53.
Rh2 Rh6 54. Rxh6 Kxh6 55. Kf3 Kh5 56. Kg3 g4 57. Ne3 Bh4+ 58. Kg2 Be7 59. Nf5
Bb4 60. Ng7+ Kh4 61. Ne6 g3 62. Ng7 Kg4 63. Nf5 Kf4 64. Nxg3 Be1 65. Nh5+ Kxe4
66. Nf6+ Kd3 67. Kf3 Bc3 68. Ne4 Bd4 69. Nd6 Kc3 70. Ke4 Kxb3 71. Kd5 Kxa4 0-1

[Event "2. Memorial Oliver Gonzalez 2011"]
[Site "Madrid ESP"]
[Date "2011.10.13"]
[Round "6.11"]
[White "Herraiz Hidalgo, Herminio"]
[Black "Hernando Rodrigo, Jose Maria"]
[Result "1-0"]
[WhiteElo "2464"]
[BlackElo "2328"]
[PlyCount "81"]
[EventDate "2011.10.08"]
[EventType "swiss"]
[EventRounds "9"]
[EventCountry "ESP"]
[Source "lmi"]
[SourceDate "2011.10.08"]

1. d4 d5 2. c4 e6 3. Nc3 Nf6 4. Bg5 dxc4 5. e3 a6 6. Bxc4 b5 7. Be2 c5 8. dxc5
Bb7 9. Qxd8+ Kxd8 10. Bf3 Bxf3 11. Nxf3 Bxc5 12. a4 b4 13. Ne4 Nbd7 14. Ke2 Be7
15. Bxf6 Bxf6 16. Nxf6 gxf6 17. Nd4 Rc8 18. Rhc1 Nb6 19. Rc6 Rxc6 20. Nxc6+ Kc7
21. Nxb4 a5 22. Rc1+ Kd7 23. Nd3 Rb8 24. b3 Nd5 25. Rc4 f5 26. f3 Kd6 27. e4
fxe4 28. fxe4 Ne7 29. Rd4+ Kc7 30. Ne5 Ng6 31. Rc4+ Kd6 32. Nxf7+ Ke7 33. Rc7+
Kf6 34. g4 e5 35. g5+ Ke6 36. Rb7 Rc8 37. Kd2 Rf8 38. Nh6 Rf2+ 39. Kc3 Nf4 40.
Nf5 Nd5+ 41. exd5+ 1-0

[Event "2. Memorial Oliver Gonzalez 2011"]
[Site "Madrid ESP"]
[Date "2011.10.13"]
[Round "6.12"]
[White "Garcia Saez, Juan Carlos"]
[Black "Renteria, Jorge"]
[Result "1-0"]
[WhiteElo "2070"]
[BlackElo "2319"]
[PlyCount "89"]
[EventDate "2011.10.08"]
[EventType "swiss"]
[EventRounds "9"]
[EventCountry "ESP"]
[Source "lmi"]
[SourceDate "2011.10.08"]

1. e4 c5 2. Nf3 d6 3. b3 Nf6 4. Nc3 g6 5. Bb2 Bg7 6. Nd5 Nbd7 7. Bb5 O-O 8.
Bxd7 Bxd7 9. Nxf6+ exf6 10. O-O Bc6 11. d3 d5 12. Nd2 Re8 13. f3 a5 14. a4 b5
15. exd5 Bxd5 16. axb5 Qb6 17. c4 Bb7 18. Ne4 Rad8 19. Qc2 f5 20. Nf2 Bxb2 21.
Qxb2 g5 22. Qd2 g4 23. fxg4 Qg6 24. Rfe1 fxg4 25. Rxe8+ Rxe8 26. Re1 Rc8 27.
Qf4 h5 28. Ne4 Bxe4 29. Rxe4 Rd8 30. Qe3 Kg7 31. Kf2 Qf6+ 32. Ke2 Rd6 33. Re5
Re6 34. Rxe6 fxe6 35. Qxc5 Qb2+ 36. Ke3 Qc1+ 37. Ke4 Qe1+ 38. Qe3 Qf1 39. Qg5+
Kh7 40. Qxh5+ Kg7 41. Qxg4+ Kh7 42. Ke5 a4 43. bxa4 Qa1+ 44. d4 Qxa4 45. Kf6
1-0

[Event "2. Memorial Oliver Gonzalez 2011"]
[Site "Madrid ESP"]
[Date "2011.10.13"]
[Round "6.13"]
[White "Martin Rueda, Daniel"]
[Black "Gonzalez Mateo, Rafael"]
[Result "1-0"]
[WhiteElo "2311"]
[BlackElo "2186"]
[PlyCount "63"]
[EventDate "2011.10.08"]
[EventType "swiss"]
[EventRounds "9"]
[EventCountry "ESP"]
[Source "lmi"]
[SourceDate "2011.10.08"]

1. d4 Nf6 2. c4 e6 3. Nc3 Bb4 4. e3 O-O 5. Nge2 Ne4 6. Qc2 f5 7. a3 Bxc3+ 8.
Nxc3 Nxc3 9. Qxc3 b6 10. b4 Bb7 11. Bb2 Qf6 12. Bd3 d6 13. O-O Nd7 14. f3 c5
15. Rad1 cxd4 16. Qxd4 e5 17. Qc3 Rac8 18. Qd2 Rfd8 19. Bb1 Nf8 20. f4 Qg6 21.
Qe2 e4 22. Rd2 Rd7 23. Rfd1 Rcd8 24. Ba2 Kh8 25. c5 d5 26. cxb6 axb6 27. Bd4
Qc6 28. Qh5 Ne6 29. Be5 d4 30. b5 Qxb5 31. Bxe6 Re7 32. Bxf5 1-0

[Event "2. Memorial Oliver Gonzalez 2011"]
[Site "Madrid ESP"]
[Date "2011.10.13"]
[Round "6.14"]
[White "Ciuro Muñoz, Ricardo"]
[Black "Perez Gonzalez, Jose Manuel"]
[Result "1/2-1/2"]
[WhiteElo "2156"]
[BlackElo "2304"]
[PlyCount "70"]
[EventDate "2011.10.08"]
[EventType "swiss"]
[EventRounds "9"]
[EventCountry "ESP"]
[Source "lmi"]
[SourceDate "2011.10.08"]

1. e4 c5 2. Nf3 d6 3. d4 cxd4 4. Nxd4 Nf6 5. Nc3 e6 6. Bg5 Be7 7. Be2 a6 8. f4
h6 9. Bxf6 Bxf6 10. Qd2 Nc6 11. Nf3 O-O 12. Rd1 Qa5 13. a3 b5 14. O-O Rd8 15.
Kh1 Bb7 16. f5 Rac8 17. fxe6 fxe6 18. Qf4 b4 19. axb4 Qxb4 20. Qg4 Re8 21. Bd3
Nd8 22. Qg6 Nf7 23. Ng5 hxg5 24. Rxf6 Ne5 25. Qxg5 Nxd3 26. Rg6 Nf2+ 27. Kg1
Rc7 28. Kxf2 Qxb2 29. Ne2 Rxc2 30. Qg4 Qe5 31. Rxd6 Qc5+ 32. Ke1 Qb4+ 33. Kf2
Qc5+ 34. Ke1 Qb4+ 35. Kf2 Qc5+ 1/2-1/2

[Event "2. Memorial Oliver Gonzalez 2011"]
[Site "Madrid ESP"]
[Date "2011.10.13"]
[Round "6.15"]
[White "Garcia Pichon, Eduardo"]
[Black "Barajas Fernandez, Helios"]
[Result "1-0"]
[WhiteElo "2283"]
[BlackElo "2104"]
[PlyCount "67"]
[EventDate "2011.10.08"]
[EventType "swiss"]
[EventRounds "9"]
[EventCountry "ESP"]
[Source "lmi"]
[SourceDate "2011.10.08"]

1. e4 c5 2. c3 e6 3. d4 d5 4. e5 Nc6 5. Nf3 cxd4 6. cxd4 Nge7 7. Na3 Nf5 8. Nc2
Be7 9. Bd3 Bd7 10. O-O Qb6 11. g4 Nh6 12. h3 Ng8 13. b4 O-O-O 14. Rb1 f6 15. a4
h5 16. b5 Na5 17. Bd2 Qc7 18. Ne3 Kb8 19. Rc1 Qb6 20. Qe1 Nb3 21. a5 Nxc1 22.
axb6 Nxd3 23. Qa1 axb6 24. Qa4 Nf4 25. Ra1 Bc8 26. Ba5 Kc7 27. Bxb6+ Kd7 28.
Bxd8 Bxd8 29. b6+ Ke7 30. g5 Nxh3+ 31. Kf1 fxg5 32. Qa8 Kd7 33. Rc1 Ne7 34.
Rxc8 1-0

[Event "2. Memorial Oliver Gonzalez 2011"]
[Site "Madrid ESP"]
[Date "2011.10.13"]
[Round "6.16"]
[White "Pinel Mirasierra, Jose Pablo"]
[Black "Luukkonen, Tommi"]
[Result "0-1"]
[WhiteElo "2097"]
[BlackElo "2256"]
[PlyCount "42"]
[EventDate "2011.10.08"]
[EventType "swiss"]
[EventRounds "9"]
[EventCountry "ESP"]
[Source "lmi"]
[SourceDate "2011.10.08"]

1. d4 Nf6 2. c4 e6 3. g3 c5 4. Nf3 cxd4 5. Nxd4 d5 6. Bg2 e5 7. Nf3 d4 8. O-O
Nc6 9. Bg5 h6 10. Bxf6 Qxf6 11. Nfd2 h5 12. Ne4 Qg6 13. h4 Be7 14. f4 exf4 15.
Rxf4 f5 16. Qb3 fxe4 17. Bxe4 Qd6 18. Nd2 g5 19. c5 Qe6 20. Rf3 Qxb3 21. Bg6+
Kd8 0-1

[Event "2. Memorial Oliver Gonzalez 2011"]
[Site "Madrid ESP"]
[Date "2011.10.13"]
[Round "6.17"]
[White "Aragon Gutierrez, Alejandro"]
[Black "Semprun Martinez, Fernando"]
[Result "1/2-1/2"]
[WhiteElo "1732"]
[BlackElo "2204"]
[PlyCount "88"]
[EventDate "2011.10.08"]
[EventType "swiss"]
[EventRounds "9"]
[EventCountry "ESP"]
[Source "lmi"]
[SourceDate "2011.10.08"]

1. d4 Nf6 2. c4 g6 3. Nf3 Bg7 4. Nc3 d5 5. Bf4 O-O 6. e3 c5 7. dxc5 Qa5 8. Be2
dxc4 9. Qa4 Qxa4 10. Nxa4 Ne4 11. Rc1 c3 12. Nxc3 Nxc3 13. bxc3 Be6 14. Rc2 Rc8
15. Ng5 Bd5 16. e4 Bc6 17. f3 Ba4 18. Rc1 Rxc5 19. Be3 Rxc3 20. Kf2 Nc6 21. h4
Rd8 22. Nh3 Rxc1 23. Rxc1 Bd4 24. g4 e5 25. Bc4 Nb4 26. Ng5 Bxe3+ 27. Kxe3 Rd7
28. Bxf7+ Rxf7 29. Nxf7 Kxf7 30. Rc7+ Ke6 31. Rxb7 a5 32. Rxh7 Be8 33. h5 gxh5
34. gxh5 Bf7 35. Rh8 Kf6 36. Ra8 Nc2+ 37. Kd2 Nd4 38. Rxa5 Nxf3+ 39. Ke3 Bxh5
40. Ra8 Ng5 41. Ra6+ Kf7 42. Ra5 Kf6 43. Ra6+ Kf7 44. Ra5 Kf6 1/2-1/2

[Event "2. Memorial Oliver Gonzalez 2011"]
[Site "Madrid ESP"]
[Date "2011.10.13"]
[Round "6.18"]
[White "Cortes Jurado, Rafael"]
[Black "Bolea Jover, Jose"]
[Result "0-1"]
[WhiteElo "2101"]
[BlackElo "2021"]
[PlyCount "64"]
[EventDate "2011.10.08"]
[EventType "swiss"]
[EventRounds "9"]
[EventCountry "ESP"]
[Source "lmi"]
[SourceDate "2011.10.08"]

1. d4 d5 2. Nf3 Nf6 3. c4 e6 4. Nc3 c6 5. Bg5 Nbd7 6. e3 Qa5 7. Nd2 Bb4 8. Qc2
O-O 9. Bh4 e5 10. Bxf6 Nxf6 11. dxe5 Ne4 12. Nb3 Qc7 13. f3 Nxc3 14. bxc3 Be7
15. f4 f6 16. Bd3 fxe5 17. Bxh7+ Kh8 18. O-O dxc4 19. Bg6 exf4 20. Qe2 Qe5 21.
Nd4 Rf6 22. Nf5 Rxf5 23. Bxf5 Bxf5 24. Qh5+ Kg8 25. e4 Qc5+ 26. Kh1 Bxe4 27.
Qe2 Qe3 28. Qxc4+ Bd5 29. Qxf4 Qxf4 30. Rxf4 Bf6 31. Rb1 Re8 32. Kg1 b5 0-1

[Event "2. Memorial Oliver Gonzalez 2011"]
[Site "Madrid ESP"]
[Date "2011.10.13"]
[Round "6.19"]
[White "Martinez Martin, David"]
[Black "Sanchez Millan, Eduardo"]
[Result "1-0"]
[WhiteElo "2401"]
[BlackElo "2017"]
[PlyCount "45"]
[EventDate "2011.10.08"]
[EventType "swiss"]
[EventRounds "9"]
[EventCountry "ESP"]
[Source "lmi"]
[SourceDate "2011.10.08"]

1. e4 Nf6 2. e5 Nd5 3. d4 d6 4. Nf3 dxe5 5. Nxe5 Nd7 6. Nxf7 Kxf7 7. Qh5+ g6 8.
Qxd5+ e6 9. Qf3+ Qf6 10. Qxf6+ Nxf6 11. Nd2 e5 12. dxe5 Ng4 13. Nf3 Bc5 14.
Bc4+ Kg7 15. O-O Rf8 16. Bd2 Bf5 17. h3 Nxf2 18. Rxf2 Bxh3 19. e6 Bxf2+ 20.
Kxf2 Bg4 21. Bc3+ Kh6 22. Rh1+ Bh5 23. g4 1-0

[Event "2. Memorial Oliver Gonzalez 2011"]
[Site "Madrid ESP"]
[Date "2011.10.13"]
[Round "6.20"]
[White "Suarez Triguero, Jose Alfonso"]
[Black "Alcazar Jimenez, Jesus Alberto"]
[Result "1/2-1/2"]
[WhiteElo "2079"]
[BlackElo "2294"]
[PlyCount "127"]
[EventDate "2011.10.08"]
[EventType "swiss"]
[EventRounds "9"]
[EventCountry "ESP"]
[Source "lmi"]
[SourceDate "2011.10.08"]

1. e4 c5 2. c4 Nc6 3. Ne2 Nf6 4. Nbc3 e6 5. d4 cxd4 6. Nxd4 d6 7. Be2 Be7 8.
O-O a6 9. Be3 Bd7 10. Rc1 O-O 11. Qd2 Rc8 12. f3 Kh8 13. Nxc6 Rxc6 14. Rfe1 Qa5
15. Bf1 Bd8 16. h3 Bb6 17. Bxb6 Qxb6+ 18. Qf2 Rfc8 19. e5 dxe5 20. Rxe5 Qxf2+
21. Kxf2 Ne8 22. Rd1 Rd6 23. Ree1 Bc6 24. Rxd6 Nxd6 25. Rd1 Nf5 26. Ne4 e5 27.
Nd6 Nxd6 28. Rxd6 Kg8 29. c5 Kf8 30. b4 Ke7 31. Ke3 f5 32. Bc4 e4 33. f4 Rf8
34. h4 Rf6 35. Rxf6 Kxf6 36. Kd4 Kg6 37. Be2 Kf6 38. g3 h6 39. h5 Ke6 40. Bc4+
Kf6 41. Bb3 Be8 42. Bd5 Bc6 43. Bb3 Be8 44. Bd5 Bc6 45. Bxc6 bxc6 46. a4 Ke6
47. g4 fxg4 48. Kxe4 g3 49. Kf3 Kd5 50. Kxg3 Kc4 51. Kg4 Kxb4 52. Kf5 Kxc5 53.
Kg6 Kd5 54. Kxg7 c5 55. f5 c4 56. f6 c3 57. f7 c2 58. f8=Q c1=Q 59. Qd8+ Ke4
60. Qe7+ Kf5 61. Qf6+ Kg4 62. Qxa6 Qc7+ 63. Kxh6 Qf4+ 64. Kh7 1/2-1/2

[Event "2. Memorial Oliver Gonzalez 2011"]
[Site "Madrid ESP"]
[Date "2011.10.13"]
[Round "6.22"]
[White "Lopez Mulet, Inigo"]
[Black "Horcajada Reales, Guillermo"]
[Result "1-0"]
[WhiteElo "1839"]
[BlackElo "2215"]
[PlyCount "63"]
[EventDate "2011.10.08"]
[EventType "swiss"]
[EventRounds "9"]
[EventCountry "ESP"]
[Source "lmi"]
[SourceDate "2011.10.08"]

1. d4 Nf6 2. c4 g6 3. g3 Bg7 4. Bg2 O-O 5. Nc3 d6 6. Nf3 Nc6 7. O-O a6 8. d5
Na5 9. Nd2 c5 10. Qc2 Rb8 11. b3 e5 12. e4 b5 13. Rb1 Bd7 14. Bb2 Qc7 15. h3
Nh5 16. Ne2 f5 17. f4 Nf6 18. fxe5 dxe5 19. cxb5 axb5 20. Rbc1 Nb7 21. Kh2 Ra8
22. a3 Qd6 23. Nc3 f4 24. gxf4 exf4 25. Nf3 Nh5 26. Ne2 Bxb2 27. Qxb2 Ng3 28.
Nxg3 fxg3+ 29. Kh1 Qa6 30. Ne5 Rxf1+ 31. Rxf1 Bc8 32. Nc6 1-0

[Event "2. Memorial Oliver Gonzalez 2011"]
[Site "Madrid ESP"]
[Date "2011.10.13"]
[Round "6.23"]
[White "Alvarez Abejon, Amilcar"]
[Black "Aziz Ortego, Omar Luis"]
[Result "0-1"]
[WhiteElo "2038"]
[BlackElo "2168"]
[PlyCount "36"]
[EventDate "2011.10.08"]
[EventType "swiss"]
[EventRounds "9"]
[EventCountry "ESP"]
[Source "lmi"]
[SourceDate "2011.10.08"]

1. e4 e6 2. d4 d5 3. Nc3 Bb4 4. e5 c5 5. a3 Bxc3+ 6. bxc3 Qc7 7. Nf3 Ne7 8. a4
h6 9. Be2 O-O 10. h4 f5 11. exf6 Rxf6 12. Ne5 cxd4 13. cxd4 Qc3+ 14. Bd2 Qxd4
15. Nf3 Qc5 16. Rb1 Nbc6 17. g4 Nd4 18. Bb4 Nxc2+ 0-1

[Event "2. Memorial Oliver Gonzalez 2011"]
[Site "Madrid ESP"]
[Date "2011.10.13"]
[Round "6.26"]
[White "Blanco Sanchez, Jose Fernando"]
[Black "Baeza Escudero, Javier"]
[Result "1-0"]
[WhiteElo "2115"]
[BlackElo "2012"]
[PlyCount "121"]
[EventDate "2011.10.08"]
[EventType "swiss"]
[EventRounds "9"]
[EventCountry "ESP"]
[Source "lmi"]
[SourceDate "2011.10.08"]

1. e4 e5 2. Nf3 Nc6 3. d4 exd4 4. Bc4 Nf6 5. O-O Nxe4 6. Re1 d5 7. Bxd5 Qxd5 8.
Nc3 Qa5 9. Nxe4 Be6 10. Neg5 O-O-O 11. Nxe6 fxe6 12. Rxe6 Bd6 13. Bg5 Rhe8 14.
Qe1 Qxe1+ 15. Rexe1 Bb4 16. Bxd8 Bxe1 17. Bxc7 Bxf2+ 18. Kxf2 Kxc7 19. Rd1 Re4
20. g3 Kb6 21. Nd2 Re6 22. Nb3 Re4 23. a3 Kb5 24. Rd3 b6 25. Kf3 Re7 26. Nxd4+
Nxd4+ 27. Rxd4 Kc5 28. Re4 Rc7 29. Ke3 Kd5 30. c3 b5 31. Kd3 Rf7 32. Rf4 Re7
33. a4 a6 34. axb5 axb5 35. b3 g6 36. Rd4+ Kc6 37. Rd8 Re5 38. Rc8+ Kd7 39. Rh8
Rh5 40. h4 Kc6 41. Rf8 Kd6 42. Rf6+ Kc7 43. Kd4 Kb7 44. Re6 b4 45. cxb4 Rb5 46.
Kc4 Rh5 47. Rd6 Rf5 48. g4 Rf7 49. g5 Kc7 50. Rf6 Re7 51. Kb5 Kb7 52. Kc5 Kc7
53. Kd5 Kd7 54. Ra6 Kc8 55. b5 Kb7 56. Re6 Rd7+ 57. Ke5 Rf7 58. Kd6 Kb6 59. Re7
Rf8 60. Rxh7 Rg8 61. Ke7 1-0

[Event "2. Memorial Oliver Gonzalez 2011"]
[Site "Madrid ESP"]
[Date "2011.10.13"]
[Round "6.27"]
[White "Perez Cameselle, Francisco"]
[Black "Garcia Diaz, Victor Manuel"]
[Result "0-1"]
[WhiteElo "1938"]
[BlackElo "2114"]
[PlyCount "94"]
[EventDate "2011.10.08"]
[EventType "swiss"]
[EventRounds "9"]
[EventCountry "ESP"]
[Source "lmi"]
[SourceDate "2011.10.08"]

1. Nf3 b5 2. g3 Bb7 3. Bg2 e5 4. O-O d6 5. d4 e4 6. Ng5 d5 7. f3 h6 8. Nh3 Nf6
9. Nf4 exf3 10. exf3 Be7 11. Re1 O-O 12. Qe2 Bb4 13. Bd2 Bxd2 14. Qxd2 Qd6 15.
Nd3 Nbd7 16. Nc3 a6 17. Ne2 Rfe8 18. Qf4 Qb6 19. Kh1 b4 20. a3 a5 21. axb4 axb4
22. Qd2 Ba6 23. Nef4 Bxd3 24. Qxd3 c5 25. dxc5 Qxc5 26. Ne2 Rxa1 27. Rxa1 Ne5
28. Qd2 Qf2 29. Rf1 Qc5 30. Nd4 Nc4 31. Qf2 Nxb2 32. h4 Nc4 33. Bh3 Ne3 34. Nf5
d4 35. Nxe3 dxe3 36. Qe2 Nd5 37. Re1 Nc3 38. Qd3 e2 39. Kg2 g6 40. f4 h5 41. f5
Kg7 42. fxg6 fxg6 43. Qd7+ Re7 44. Qd3 Qe5 45. Qc4 Nd1 46. Qxb4 Ne3+ 47. Kh2
Nxc2 0-1

[Event "2. Memorial Oliver Gonzalez 2011"]
[Site "Madrid ESP"]
[Date "2011.10.13"]
[Round "6.28"]
[White "Spitzer Isbert, Ramon"]
[Black "Garcia Esteban, Juan Ignacio"]
[Result "0-1"]
[WhiteElo "2099"]
[BlackElo "1965"]
[PlyCount "136"]
[EventDate "2011.10.08"]
[EventType "swiss"]
[EventRounds "9"]
[EventCountry "ESP"]
[Source "lmi"]
[SourceDate "2011.10.08"]

1. Nc3 Nf6 2. d4 d5 3. Bg5 Nbd7 4. f3 h6 5. Bh4 e6 6. e4 Be7 7. Bg3 Nh5 8. exd5
Nxg3 9. hxg3 Nf6 10. dxe6 Bxe6 11. Bd3 c6 12. Nge2 Qc7 13. Nf4 O-O-O 14. Nce2
Bd7 15. Bc4 Rhf8 16. Qd3 Qa5+ 17. Kf1 Nd5 18. Rh5 g5 19. Nxd5 cxd5 20. Bb3 Rh8
21. Nc3 Be6 22. Kf2 Bf6 23. Rah1 Bg7 24. Na4 b6 25. Nc3 Qb4 26. Rd1 Kb8 27. a3
Qe7 28. Rhh1 h5 29. Rhe1 Qb7 30. Na2 h4 31. gxh4 gxh4 32. Ba4 Qc7 33. Rg1 Qg3+
34. Kf1 Bf8 35. Qe2 h3 36. Qe5+ Qxe5 37. dxe5 Bc5 38. Nb4 Bxg1 39. Kxg1 hxg2
40. Nc6+ Kc7 41. Nxd8 Rh1+ 42. Kxg2 Rxd1 43. Nxe6+ fxe6 44. Kg3 a6 45. Be8 Rb1
46. b4 Rc1 47. Ba4 Ra1 48. Bb3 Rxa3 49. Kg4 Kd8 50. f4 Ke7 51. f5 b5 52. f6+
Kf7 53. Kf4 Ra1 54. Ke3 Re1+ 55. Kd4 Re4+ 56. Kc5 Rxe5 57. Kb6 Kxf6 58. Kxa6 d4
59. Kb6 Ke7 60. Kc6 Rg5 61. Ba2 Kf6 62. Kd6 Rg2 63. Bb3 e5 64. Kc5 Rg3 65. Bd5
Rc3+ 66. Kxb5 Rxc2 67. Ka4 d3 68. Be4 Rc3 0-1

[Event "2. Memorial Oliver Gonzalez 2011"]
[Site "Madrid ESP"]
[Date "2011.10.13"]
[Round "6.30"]
[White "Dominguez Carmona, Miguel"]
[Black "Fernandez Garcia, Ignacio"]
[Result "1-0"]
[WhiteElo "2087"]
[BlackElo "1932"]
[PlyCount "85"]
[EventDate "2011.10.08"]
[EventType "swiss"]
[EventRounds "9"]
[EventCountry "ESP"]
[Source "lmi"]
[SourceDate "2011.10.08"]

1. d4 Nf6 2. c4 g6 3. Nf3 Bg7 4. Nc3 d6 5. Bf4 O-O 6. e3 c6 7. Be2 Na6 8. O-O
Nc7 9. h3 Ne6 10. Bh2 c5 11. Rc1 Bd7 12. dxc5 Nxc5 13. b4 Ne6 14. Nd4 Rc8 15.
Ncb5 a6 16. Nxe6 fxe6 17. Nd4 e5 18. Nb3 b6 19. c5 bxc5 20. Bxa6 Ra8 21. Bc4+
Kh8 22. bxc5 Bc6 23. cxd6 exd6 24. Nd2 d5 25. Bb3 Bb5 26. Re1 e4 27. Be5 Ra7
28. Nb1 Bd3 29. Nc3 Qe7 30. Bd4 Rd7 31. Na4 Qf7 32. Nc5 Nh5 33. Bxg7+ Kxg7 34.
Qd2 Rd6 35. Nxd3 exd3 36. Qb2+ Kh6 37. Red1 Rf6 38. Rd2 Qe6 39. Rc3 Rxf2 40.
Rxf2 Qxe3 41. Qd2 Qxd2 42. Rxd2 Nf4 43. Rcxd3 1-0

[Event "2. Memorial Oliver Gonzalez 2011"]
[Site "Madrid ESP"]
[Date "2011.10.13"]
[Round "6.31"]
[White "Vargas Huamani, Juan C"]
[Black "Lopez De Turiso Sanchez, Jose A"]
[Result "0-1"]
[WhiteElo "1912"]
[BlackElo "2084"]
[PlyCount "136"]
[EventDate "2011.10.08"]
[EventType "swiss"]
[EventRounds "9"]
[EventCountry "ESP"]
[Source "lmi"]
[SourceDate "2011.10.08"]

1. c4 Nf6 2. Nc3 g6 3. g3 Bg7 4. Bg2 d6 5. d4 O-O 6. Nf3 Nbd7 7. e4 e5 8. O-O
exd4 9. Nxd4 Re8 10. h3 a6 11. Rb1 c5 12. Nde2 Ne5 13. b3 Be6 14. Be3 Qc7 15.
Qd2 Bxh3 16. Nf4 Be6 17. f3 Bxc4 18. bxc4 Nxc4 19. Qc1 Nxe3 20. Qxe3 Nxe4 21.
Nxe4 Bd4 22. Qxd4 cxd4 23. Nf6+ Kg7 24. Nxe8+ Rxe8 25. Rfc1 Qa5 26. Nd3 b5 27.
Nb4 Qa3 28. Rc6 Qe3+ 29. Kh2 a5 30. Nd5 Qh6+ 31. Kg1 Qd2 32. Bf1 Re1 33. Rxe1
Qxe1 34. Kg2 Qd2+ 35. Kh3 Qxa2 36. Nc7 b4 37. Bc4 Qb1 38. Ne8+ Kf8 39. Nxd6
Qh1+ 40. Kg4 Qh5+ 41. Kf4 Qh6+ 42. Ke4 Qe3+ 43. Kd5 d3 44. Rc8+ Kg7 45. Rc7
Qxf3+ 46. Kc5 d2 47. Nxf7 Qe3+ 48. Kb5 d1=Q 49. Ne5+ Kf8 50. Rc8+ Ke7 51. Rc7+
Kd6 52. Rd7+ Kxe5 53. Rxd1 Qxg3 54. Rd5+ Ke4 55. Kxa5 Qa3+ 56. Kb5 b3 57. Rd3
Qb2 58. Rxb3 Qe5+ 59. Kb4 Qd6+ 60. Kb5 g5 61. Rb4 Ke3 62. Rb3+ Kf4 63. Rb4 h6
64. Be2+ Kg3 65. Bh5 Qd7+ 66. Kc5 Qf5+ 67. Kc6 g4 68. Bxg4 Qxg4 0-1